Najlepšiu sovietsku stíhačku ocenili aj Francúzi najlepšie stíhačky druhej svetovej vojny

Bibliographic Details
Main Author: Barič, Miroslav (Author, Photographer)
Other Authors: Jusko, Štefan (Photographer)
Format: Article
Language:Slovak
PhysicalDescription:Fotogr.
ISSN:1336-1910
Subjects:
Online Access:http://www.mosr.sk/data/disk/casopis/Obrana_10_2017.pdf

MARC

LEADER 00000nab a2200000 a 4500
001 vtls011718014
003 SK-MaSNL
005 20260303083102.0
008 180405 2017 xo 000 0 slo
015 |a SNBRB2017/10  |2 LMAOSK 
040 |a LMAOSK  |b slo  |c LMAOSK  |e AACR2 
041 0 |a slo 
044 |a xo  |c SK 
080 |a 623.746.3/.4  |2 2011 
080 |a 623.746.3  |2 2011 
080 |a 355.483(100)"1939/1945"  |2 2011 
080 |a 94(100)"1939/1945"  |2 2011 
080 |a (046)  |2 2011 
100 1 |a Barič, Miroslav  |4 aut  |4 pht  |9 1086636 
245 1 0 |a Najlepšiu sovietsku stíhačku ocenili aj Francúzi  |b najlepšie stíhačky druhej svetovej vojny  |c Miroslav Barič ; foto Štefan Jusko, Miroslav Barič 
246 3 |a Najlepšie stíhačky druhej svetovej vojny 
300 |b Fotogr. 
500 |a Obsahuje technické údaje. 
650 0 7 |a Jak-3 (stíhacie lietadlo)  |2 LMAOSK  |9 1089054 
650 0 7 |a bojové lietadlá  |2 SNKPH  |9 87843 
650 0 7 |a stíhacie lietadlá  |2 SNKPH  |9 58532 
650 0 7 |a druhá svetová vojna (1939-1945)  |2 SNKPH  |9 169657 
655 7 |a články  |2 SNKPH  |9 70601 
700 1 |a Jusko, Štefan  |4 pht  |9 970136 
773 0 |t Obrana  |g Roč. XXV, č. 10 (2017), s. 24-25  |x 1336-1910 
852 |a LMAOSK  |b KIS3GCP 
856 4 1 |u http://www.mosr.sk/data/disk/casopis/Obrana_10_2017.pdf 
958 |a NB 
999 |c 1790236  |d 1792166